Outdoor access and the planning system (Record no. 109286)

MARC details
000 -LEADER
fixed length control field 01180cad a22002415a 4500
001 - CONTROL NUMBER
control field E146776
008 - FIXED-LENGTH DATA ELEMENTS--GENERAL INFORMATION
fixed length control field 090225s2008 xxk f 000 0 eng d
035 ## - SYSTEM CONTROL NUMBER
System control number (Sirsi) u146776
041 0# - LANGUAGE CODE
Language code of text/sound track or separate title eng
050 04 - LIBRARY OF CONGRESS CALL NUMBER
Classification number 711.558 $2 18
110 2# - MAIN ENTRY--CORPORATE NAME
Corporate name or jurisdiction name as entry element Scottish Natural Heritage
9 (RLIN) 2794
245 00 - TITLE STATEMENT
Title Outdoor access and the planning system
Medium [electronic resource]
260 ## - PUBLICATION, DISTRIBUTION, ETC.
Place of publication, distribution, etc. Edinburgh
Name of publisher, distributor, etc. SNH
Date of publication, distribution, etc. 2008
490 #0 - SERIES STATEMENT
Series statement Scottish Natural Heritage Commissioned Report
Volume/sequential designation (307)
520 ## - SUMMARY, ETC.
Summary, etc. Examines ways in which access rights are safeguarded through the planning system and to what extent the Scottish Government's guidance to local authories on the Land Reform (Scotland) Act 2003 is being implemented. The report also looks at what provisions may be inserted into future development plans to protect outdoor access rights.
521 ## - TARGET AUDIENCE NOTE
Target audience note Advanced
590 ## - LOCAL NOTE (RLIN)
Local note KA
650 24 - SUBJECT ADDED ENTRY--TOPICAL TERM
Topical term or geographic name entry element LAND REFORM (SCOTLAND) ACT 2003
651 #4 - SUBJECT ADDED ENTRY--GEOGRAPHIC NAME
Geographic name Scotland
Chronological subdivision 1999-
690 ## - LOCAL SUBJECT ADDED ENTRY--TOPICAL TERM (OCLC, RLIN)
Topical term or geographic name as entry element ENVIRONMENTAL AND LAND CONSULTANCY
856 48 - ELECTRONIC LOCATION AND ACCESS
Uniform Resource Identifier <a href="https://www.snh.org.uk/pdfs/publications/commissioned_reports/307%20-%20Outdoor%20Access%20and%20the%20Planning%20System.pdf">https://www.snh.org.uk/pdfs/publications/commissioned_reports/307%20-%20Outdoor%20Access%20and%20the%20Planning%20System.pdf</a>
Public note View the report free of charge at www.snh.org.uk
942 ## - ADDED ENTRY ELEMENTS (KOHA)
Suppress in OPAC 0
Holdings
Withdrawn status Lost status Source of classification or shelving scheme Damaged status Not for loan Home library Current library Shelving location Date acquired Total Checkouts Full call number Barcode Date last seen Copy number Price effective from Koha item type
    Dewey Decimal Classification     Virtual Virtual Online 25/02/2009   ONLINE PUBLICATION 146776-2001 06/08/2019 1 06/08/2019 Book